MARC

LEADER 00000nam0a2200000 4500
001 183908
005 20231101223812.0
035 |a (RuTPU)RU\TPU\book\199382 
090 |a 183908 
100 |a 20100824d1968 m y0rusy50 ca 
101 0 |a rus 
102 |a RU 
105 |a a j 001zy 
200 1 |a Физическая химия  |e учебник для вузов  |f А. А. Жуховицкий, Л. А. Шварцман 
205 |a 2-е изд., перераб. и доп. 
210 |a Москва  |c Металлургия  |d 1968 
215 |a 520 с.  |c черт. 
320 |a Библиогр.: с. 520. 
606 1 |a Физическая химия  |2 stltpush  |3 (RuTPU)RU\TPU\subj\67669  |9 83390 
610 1 |a учебники 
610 1 |a термодинамика 
610 1 |a растворы 
610 1 |a электродные процессы 
610 1 |a электролиз 
610 1 |a статистическая механика 
610 1 |a теплоемкость 
610 1 |a явления переноса 
610 1 |a поверхностные явления 
610 1 |a кинетика 
610 1 |a химические реакции 
610 1 |a волновая механика 
610 1 |a химическая связь 
610 1 |a твердые тела 
675 |a 544(076.5)  |v 3 
700 1 |a Жуховицкий  |b А. А.  |g Александр Абрамович 
701 1 |a Шварцман  |b Л. А.  |g Лев Александрович 
801 1 |a RU  |b 63413507  |c 20100824 
801 2 |a RU  |b 63413507  |c 20130522  |g RCR 
942 |c BK